000 01257nam a2200217 4500
005 20250507100236.0
008 250507b |||||||| |||| 00| 0 eng d
020 _a9789383968442
037 _cTextual
040 _aRTL
_cRTL
084 _aY73(Q2):(W) R4
_qRTL
100 _aNanda, Meera
245 _aA field guide to post-truth India
260 _aGurugram
_bThree Essays Collective
_c2024
300 _a194 p. ill.
_bIncludes bibliographical references and index
520 _aAbout the book: This book describes the refashioning of thought in contemporary India. The thread that runs through the essays collected here is that under the pretext of decolonization of the Indian mind, our fundamental conceptions of reality and truth are being brought in line with “Indian Knowledge Systems.” A post-truth culture is emerging in which myths substitute for history, pseudoscience parades as science, mysticism lays claims as a legitimate scientific method and baldfaced lies drown out objective facts. Post-secular India is on its way to becoming a post-truth society.
650 _aAyurveda- COVID-19- India
_9754873
650 _aDecolonization- India
_9754874
650 _aCulture- India
942 _2CC
_n0
_cTB
_hY73(Q2):(W) R4
999 _c1312939
_d1312939